<?xml version="1.0" encoding="UTF-8"?>
<record
    xmlns:xsi="http://www.w3.org/2001/XMLSchema-instance"
    xsi:schemaLocation="http://www.loc.gov/MARC21/slim http://www.loc.gov/standards/marcxml/schema/MARC21slim.xsd"
    xmlns="http://www.loc.gov/MARC21/slim">

  <leader>00645nam a22001217a 4500</leader>
  <datafield tag="040" ind1=" " ind2=" ">
    <subfield code="c">RUA</subfield>
  </datafield>
  <datafield tag="082" ind1=" " ind2=" ">
    <subfield code="a">DVM SOE 2025 B707 Or.1</subfield>
  </datafield>
  <datafield tag="100" ind1=" " ind2=" ">
    <subfield code="a">SOEM SOCHEAT, &#x179F;&#x17CA;&#x17B9;&#x1798; &#x179F;&#x17BB;&#x1787;&#x17B6;&#x178F;&#x17B7;</subfield>
  </datafield>
  <datafield tag="245" ind1=" " ind2=" ">
    <subfield code="a">Case Of Treatment in canine parvovirus by blood transfusions at animal clinic in battambang city battambang province, &#x1780;&#x179A;&#x178E;&#x17B8;&#x1796;&#x17D2;&#x1799;&#x17B6;&#x1794;&#x17B6;&#x179B;&#x1787;&#x17C6;&#x1784;&#x17BA; PARVOVIRUS &#x179B;&#x17BE;&#x179F;&#x17BB;&#x1793;&#x1781;&#x178A;&#x17C4;&#x1799;&#x1780;&#x17B6;&#x179A;&#x1794;&#x1789;&#x17D2;&#x1785;&#x17BC;&#x179B;&#x1788;&#x17B6;&#x1798; &#x1793;&#x17C5;&#x1782;&#x17D2;&#x179B;&#x17B8;&#x1793;&#x17B7;&#x1780;&#x179F;&#x178F;&#x17D2;&#x179C;&#x1780;&#x17D2;&#x179A;&#x17BB;&#x1784;&#x1794;&#x17B6;&#x178F;&#x17CB;&#x178A;&#x17C6;&#x1794;&#x1784; &#x1781;&#x17C1;&#x178F;&#x17D2;&#x178F;&#x1794;&#x17B6;&#x178F;&#x17CB;&#x178A;&#x17C6;&#x1794;&#x1784;</subfield>
  </datafield>
  <datafield tag="260" ind1=" " ind2=" ">
    <subfield code="a">PHNOM PENH</subfield>
    <subfield code="b">RUA</subfield>
    <subfield code="c">2025</subfield>
  </datafield>
  <datafield tag="300" ind1=" " ind2=" ">
    <subfield code="a">xi,43p.</subfield>
    <subfield code="b">ill.</subfield>
    <subfield code="c">29cm.</subfield>
  </datafield>
  <datafield tag="942" ind1=" " ind2=" ">
    <subfield code="c">NRM</subfield>
  </datafield>
  <datafield tag="999" ind1=" " ind2=" ">
    <subfield code="c">25683</subfield>
    <subfield code="d">25683</subfield>
  </datafield>
  <datafield tag="952" ind1=" " ind2=" ">
    <subfield code="0">0</subfield>
    <subfield code="1">0</subfield>
    <subfield code="4">0</subfield>
    <subfield code="6">DVM_SOE_2025_000000000000000_B707_OR_1</subfield>
    <subfield code="7">0</subfield>
    <subfield code="9">106200</subfield>
    <subfield code="a">LBB</subfield>
    <subfield code="b">LBA</subfield>
    <subfield code="c">B707</subfield>
    <subfield code="d">2026-04-07</subfield>
    <subfield code="l">1</subfield>
    <subfield code="o">DVM SOE 2025 B707 Or.1</subfield>
    <subfield code="p">B7121120</subfield>
    <subfield code="q">2026-07-13</subfield>
    <subfield code="r">2026-06-06</subfield>
    <subfield code="s">2026-06-06</subfield>
    <subfield code="y">NRM</subfield>
  </datafield>
  <datafield tag="952" ind1=" " ind2=" ">
    <subfield code="0">0</subfield>
    <subfield code="1">0</subfield>
    <subfield code="4">0</subfield>
    <subfield code="6">DVM_SOE_2025_000000000000000_B707_OR_2</subfield>
    <subfield code="7">0</subfield>
    <subfield code="9">106201</subfield>
    <subfield code="a">LBB</subfield>
    <subfield code="b">LBB</subfield>
    <subfield code="c">B707</subfield>
    <subfield code="d">2026-04-07</subfield>
    <subfield code="o">DVM SOE 2025 B707 Or.2</subfield>
    <subfield code="p">B7121048</subfield>
    <subfield code="r">2026-04-07</subfield>
    <subfield code="y">NRM</subfield>
  </datafield>
</record>
